000 01105nam2a2200229 4500
001 rc\2900047
005 20260315053634.0
035 _a(NLR Aleph) 007051416
090 _a13590820
_c13590820
100 _a20110801d1933 u y0rusy50 ca
101 0 _arus
102 _aRU
105 _ay z |||||
200 0 _aТ. 2
210 _d1933
215 _a458 с.
461 0 _1001rc\2900045
_12000#$aДействующее законодательство о труде в УзССР$eТ. I-$fСост.: С. Аврух, А. Душикян, Н. Пресницкий$gНауч.-исслед. ин-т совет. стр-ва и права при СНК УзССР$vТ. 2
_1700#1$aАврух$bС.Э.$gСемен Эммануилович
_96194716
_aАврух, С.Э.
_cТашкент
_d1933
_fСост.: С. Аврух, А. Душикян, Н. Пресницкий
_nИзд-во СНК УзССР
_oТ. I-
_tДействующее законодательство о труде в УзССР
_vТ. 2
801 0 _aRU
_bNLR
_gpsbo
801 1 _aRU
_bELAR
_2rusmarc
852 _aNLR
_j34-19/315
942 _cUNSPEC
980 _aNB